000 00392nam a22001697a 4500
003 MPLRDC
005 20220104123725.0
008 210129b ||||| |||| 00| 0 eng d
082 _a192.13 YD
100 _a殷东著
245 _a和青年朋友谈精神生活
_c
250 _a再版
260 _a
_b香港上海书局
_c1976
300 _b
650 _a
942 _cBK
_o192.13 YD
999 _c13693
_d13683